Phương pháp giải các bài toán trong tin học

में बचाया:
ग्रंथसूची विवरण
मुख्य लेखक: Trần Đức Huyên
स्वरूप: पुस्तक
भाषा:Undetermined
प्रकाशित: Hà Nội Giáo Dục 2001
विषय:
टैग : टैग जोड़ें
कोई टैग नहीं, इस रिकॉर्ड को टैग करने वाले पहले व्यक्ति बनें!
Thư viện lưu trữ: Trung tâm Học liệu Trường Đại học Cần Thơ
LEADER 00516nam a2200169Ia 4500
001 CTU_47514
008 210402s9999 xx 000 0 und d
082 |a 005.1028 
082 |b H527p 
100 |a Trần Đức Huyên 
245 0 |a Phương pháp giải các bài toán trong tin học 
245 0 |c Trần Đức Huyên 
260 |a Hà Nội 
260 |b Giáo Dục 
260 |c 2001 
650 |a mathematics - data processing 
980 |a Trung tâm Học liệu Trường Đại học Cần Thơ